书目信息 |
| 题名: |
我终于可以说出一切了:密特朗夫人回忆录
|
|
| 作者: | Danielle Mitterrand | |
| 分册: | ||
| 出版信息: | 北京 中国书籍出版社 1998.03 |
|
| 页数: | 281页 | |
| 开本: | 32开 | |
| 丛书名: | ||
| 单 册: | ||
| 中图分类: | K835.675 | |
| 科图分类: | ||
| 主题词: | 历史 , 地理 | |
| 电子资源: | ||
| ISBN: | 7-5068-0733-5 | |
| 000 | 00641nam0 2200205 45 | |
| 001 | 0005100947 | |
| 005 | 20000510094527.3 | |
| 010 | @a7-5068-0733-5@d18.00元 | |
| 100 | @a20000510d1998 km y0chiy0120 ea | |
| 101 | @achi | |
| 105 | @a z 000yy | |
| 200 | 1 | @a我终于可以说出一切了:密特朗夫人回忆录@AWo Zhong Yu Ke Yi Shuo Chu Yi Qie Le:Mi Te Lang Fu Ren Hui Yi Lu@fDanielle Mitterrand@FDanielle Mitterrand |
| 210 | @a北京@c中国书籍出版社@d1998.03 | |
| 215 | @a281页@d32开 | |
| 606 | 0 | @a历史 |
| 606 | 0 | @a地理 |
| 690 | @aK835.675@v3 | |
| 701 | @aDanielle Mitterrand | |
| 801 | @aCN@bPftUser@c20000510 | |
| 905 | @f1@b54816@dK835.675@eD013 | |
| 我终于可以说出一切了:密特朗夫人回忆录/Danielle Mitterrand.-北京:中国书籍出版社,1998.03 |
| 281页;32开 |
| ISBN 7-5068-0733-5:18.00元 |
| ● |
| 相关链接 |
|
|
|
正题名:我终于可以说出一切了:密特朗夫人回忆录
索取号:K835.675/D013
 
预约/预借
| 序号 | 登录号 | 条形码 | 馆藏地/架位号 | 状态 | 备注 |
| 1 | 54816 | 200548167 | 自科二线404/400A自科库 54排1列5层/ [索取号:K835.675/D013] | 在馆 |